CORPORATE GOVERNANCE (Record no. 2747)
[ view plain ]
| 000 -LEADER | |
|---|---|
| fixed length control field | 00353nam a2200157Ia 4500 |
| 003 - CONTROL NUMBER IDENTIFIER | |
| control field | OSt |
| 005 - DATE AND TIME OF LATEST TRANSACTION | |
| control field | 20231229100855.0 |
| 008 - FIXED-LENGTH DATA ELEMENTS--GENERAL INFORMATION | |
| fixed length control field | 170524s9999 xx 000 0 und d |
| 020 ## - INTERNATIONAL STANDARD BOOK NUMBER | |
| International Standard Book Number | 0198062230 |
| 040 ## - CATALOGING SOURCE | |
| Transcribing agency | iimt university meerut |
| 100 ## - MAIN ENTRY--PERSONAL NAME | |
| Personal name | KUMAR SATHEESH |
| 100 ## - MAIN ENTRY--PERSONAL NAME | |
| Titles and words associated with a name | 2010 |
| 245 #0 - TITLE STATEMENT | |
| Title | CORPORATE GOVERNANCE |
| 260 ## - PUBLICATION, DISTRIBUTION, ETC. | |
| Place of publication, distribution, etc. | OXFORD |
| 942 ## - ADDED ENTRY ELEMENTS (KOHA) | |
| Source of classification or shelving scheme | |
| Koha item type | Book Bank |
| Withdrawn status | Lost status | Source of classification or shelving scheme | Damaged status | Not for loan | Home library | Current library | Date acquired | Coded location qualifier | Barcode | Date last seen | Price effective from | Koha item type | Public note | Total Checkouts | Total Renewals | Date last checked out |
|---|---|---|---|---|---|---|---|---|---|---|---|---|---|---|---|---|
| IIMT University Central Library Meerut | IIMT University Central Library Meerut | 05/30/2017 | Dept. MBA | 01-B-21031 | 05/30/2017 | 05/30/2017 | Book Bank | |||||||||
| IIMT University Central Library Meerut | IIMT University Central Library Meerut | 05/30/2017 | 01-B-21032 | 05/30/2017 | 05/30/2017 | Book Bank | ||||||||||
| IIMT University Central Library Meerut | IIMT University Central Library Meerut | 05/30/2017 | 01-B-21033 | 05/30/2017 | 05/30/2017 | Book Bank | ||||||||||
| IIMT University Central Library Meerut | IIMT University Central Library Meerut | 05/30/2017 | 01-B-21034 | 05/30/2017 | 05/30/2017 | Book Bank | ||||||||||
| IIMT University Central Library Meerut | IIMT University Central Library Meerut | 05/30/2017 | 01-B-21035 | 07/03/2021 | 05/30/2017 | Book Bank | 1 | 1 | 01/21/2020 |

